| 000 | 00839nam a22002177a 4500 | ||
|---|---|---|---|
| 999 |
_c8650 _d8650 |
||
| 001 | 22757 | ||
| 003 | BD-DhUAP | ||
| 005 | 20250708181312.0 | ||
| 008 | 250708b2022 bg |||| |||| 000 0 ben d | ||
| 020 | _a9789844583863 | ||
| 040 |
_aBD-DhUAP _bben _cBD-DhUAP _dBD-DhUAP |
||
| 082 |
_222 _a101 RAS |
||
| 100 | _aরাসেল, বার্ট্রান্ড। | ||
| 245 |
_aদর্শনায়ন কৌশল / _cবার্ট্রান্ড রাসেল। |
||
| 250 | _a১ম সংস্করন। | ||
| 260 |
_aঢাকা ; _bসময় প্রকাশন, _c২০২২। |
||
| 300 |
_a১১১ পৃষ্ঠা ; _c১৯ সেঃমিঃ। |
||
| 650 |
_aPhilosophy _vEpistemology |
||
| 700 |
_aআমিনুল ইসলাম ভুইয়া। _eঅনুবাদক। |
||
| 942 |
_2ddc _cBK |
||